000 00233nam a22001097a 4500
082 _a620.1123 MOR'T
100 _aMORLEY, A
_957376
245 _aTHEORY OF STRUCTURES
260 _aLONDON
_bELBS
_c1962
300 _a617P
942 _cBK
999 _c567666
_d567666